Statistics for Famous Historical Figures: Socialists #2

Click here to take the quiz!

General Stats

  • This quiz has been taken 108 times
  • The average score is 9 of 15

Answer Stats

HintAnswer% Correct
First leader of Communist China, under which both large-scale famines and industrialization happenedMao Zedong
100%
Cuban revolutionary, longtime leader of Cuba from 1959 to 2008Fidel Castro
98%
Author of 1984 and Animal Farm, fought in the International BrigadesGeorge Orwell
87%
Leader of the Khmer Rouge and the PM of Cambodia from 1975 to 1979, caused genocidePol Pot
87%
One of the most important red leaders during the Russian civil war, founder of the 4th international.Leon Trotsky
85%
Current leader of ChinaXi Jinping
85%
Communist painter which has a famous painting depicting the horrors of German invasion in SpainPablo Picasso
74%
Pan-arab Socialist from Egypt, has a lake named after himAbdel Nasser
57%
disputed current president of Venezuela, under which Hyperinflation happenedNicolas Maduro
57%
Leader of Albania during its communist era, famous for building many bunkersEnver Hoxha
49%
General Secretary of the CPSU, 1964-1982, who caused economic stagnationLeonid Brezhnev
42%
Leader of the German Democratic Republic from 1971 until the fall of the Berlin wallErich Honecker
38%
General Secretary of the CPSU, 1982-1984, who died under mysterious circumstancesYuri Andropov
32%
Reformist Czechoslovak communist leader during the Prague SpringAlexander Dubček
19%
First president of Ghana, influential Pan-AfricanistKwame Nkrumah
12%

Score Distribution

Percentile by Number Answered

Percent of People with Each Score

Your Score History

You have not taken this quiz